Derecho constitucional
Tallennettuna:
| Päätekijä: | |
|---|---|
| Aineistotyyppi: | Kirja |
| Kieli: | espanja |
| Julkaistu: |
Madrid
La España Moderna
1900
|
| Sarja: | Biblioteca de Jurisprudencia, Filosofía e Historia
|
| Aiheet: | |
| Tagit: |
Lisää tagi
Ei tageja, Lisää ensimmäinen tagi!
|
MARC
| LEADER | 00000nam a2200000 a 4500 | ||
|---|---|---|---|
| 001 | UCT9582 | ||
| 003 | CL-VaPUC | ||
| 008 | 970411e19000000SP |||||||||||||||||spa|d | ||
| 082 | 0 | 4 | |a 342 |b SAN |2 21 |
| 100 | 0 | |a Sansonetti, V |e author |9 382421 | |
| 245 | 1 | 0 | |a Derecho constitucional |
| 300 | |a 491 p | ||
| 942 | |c BK | ||
| 945 | |d 19970411 00:00:00 |a paguirre | ||
| 260 | |a Madrid |b La España Moderna |c 1900 | ||
| 650 | 0 | |a Derecho constitucional |9 222588 | |
| 650 | 0 | |a Libertad individual |9 352859 | |
| 650 | 0 | |a Familias |9 255641 | |
| 650 | 0 | |a Derecho de familia |9 255603 | |
| 650 | 7 | |a DETENCION PREVENTIVA |2 CL-VaPUC |9 382422 | |
| 650 | 0 | |a Derechos civiles y políticos |9 338684 | |
| 650 | 0 | |a Libertad de enseñanza |9 311567 | |
| 651 | 0 | |a Italia |9 254949 | |
| 583 | |a last modification |c 19970411 00:00:00 |k Rodrigo Vera | ||
| 490 | 0 | |a Biblioteca de Jurisprudencia, Filosofía e Historia | |
| 999 | |c 257965 |d 257963 | ||
| 952 | |0 0 |1 0 |4 0 |6 342_000000000000000_SAN_1900 |7 0 |8 X |9 281692 |a BIBDER |b BIBDER |d 2019-11-19 |i 1826344 |o 342 SAN 1900 |p 1826344 |r 2023-01-25 |w 2019-11-19 |y BK_X |k DER | ||